| 000 | 00525nam a22001817a 4500 | ||
|---|---|---|---|
| 005 | 20251108164315.0 | ||
| 008 | 250721s9999 xx 000 0 ara d | ||
| 082 | 1 | 4 | _a796.8152/محس |
| 100 | 1 | _aمتولي، محسن عبد القادر | |
| 245 | 1 | 0 | _aتعليم الجودو / |
| 264 | 1 |
_aالقاهره : _bالمركز العربي الحديث، _c[19-]. |
|
| 300 | _a159ص | ||
| 650 | 1 | 7 | _aالمصارعة |
| 650 | 1 | 7 | _aالجودو |
| 650 | 1 | 7 | _aألعاب المبارزة |
| 942 |
_2ddc _cBK |
||
| 999 |
_c8937 _d8937 |
||